| 000 | 00587nam a2200205 i 4500 | ||
|---|---|---|---|
| 001 | 47566 | ||
| 003 | ES-MaACL | ||
| 005 | 20250920063039.0 | ||
| 007 | t| | ||
| 008 | 030506s1916 sp |||| | spa d | ||
| 080 | _a821.134.2(72)-32"18" | ||
| 100 | 1 |
_aNervo, Amado, _d1870-1919 _985404 |
|
| 245 | 1 | 3 |
_aEl diablo desinteresado / _cpor Amado Nervo. |
| 260 |
_aMadrid : _b[La Novela Corta], _c1916. |
||
| 300 |
_a34 p. ; _c19 cm. |
||
| 490 | 1 |
_aLa Novela Corta ; _v23 |
|
| 830 | 0 |
_aLa Novela Corta ; _v23 _9182142 |
|
| 852 |
_aES-MaACL _jG-4947(23) |
||
| 999 |
_c47566 _d47566 |
||